[Event "Torino Sada op"]
[Site "Torino"]
[Date "2012.10.15"]
[Round "5"]
[White "Stanca, Claudio"]
[Black "Accattino, Gianfranco"]
[Result "1-0"]
[WhiteElo "1440"]
[BlackElo "1440"]
[PlyCount "113"]
[EventDate "2012.09.17"]
[EventType "swiss"]
[EventRounds "7"]
[EventCountry "ITA"]
[SourceTitle "EXT 2018"]
[Source "ChessBase"]
[SourceDate "2017.10.13"]
[SourceVersion "1"]
[SourceVersionDate "2017.10.13"]
[SourceQuality "1"]

1. e4 c5 2. Nf3 Nc6 3. Bc4 d6 4. 0-0 Nf6 5. d3 e6 6. Nc3 a6 7. d4 b5 8. Bd3 cxd4 9. Ne2 e5 10. h3 Be7 11. b3 d5 12. exd5 Nxd5 13. Bb2 0-0 14. Be4 Bb7 15. c4 bxc4 16. bxc4 Nf6 17. Nxe5 Nxe4 18. Nxc6 Bxc6 19. Nxd4 Bb7 20. Qe2 Bc5 21. Rad1 Qe7 22. f3 Ng3 23. Qxe7 Bxe7 24. Rfe1 Bc5 25. Re3 Bxd4 26. Bxd4 Rad8 27. Red3 a5 28. Kf2 Nh5 29. g3 Ba6 30. Rc1 Rc8 31. Rdc3 Rfd8 32. Be3 Rc6 33. c5 Nf6 34. Ra3 Nd5 35. Rxa5 Nb4 36. Kg1 Rd3 37. Rb1 Rxe3 38. Rxb4 Re1+ 39. Kf2 Re2+ 40. Kg1 h6 41. Rb6 Rc8 42. Raxa6 Re1+ 43. Kf2 Rc1 44. c6 Rc2+ 45. Ke3 Rc3+ 46. Kf4 g5+ 47. Kg4 Kg7 48. a4 f6 49. f4 Kg6 50. f5+ Kf7 51. Ra7+ Ke8 52. c7 Kd7 53. Rxf6 R8xc7 54. Rxc7+ Kxc7 55. Rxh6 Rc4+ 56. Kxg5 Kd7 57. a5 1-0

[Event "Torino Sada op"]
[Site "Torino"]
[Date "2012.10.08"]
[Round "4"]
[White "Stoisa, Ivo"]
[Black "Stanca, Claudio"]
[Result "1-0"]
[WhiteElo "1710"]
[BlackElo "1440"]
[PlyCount "35"]
[EventDate "2012.09.17"]
[EventType "swiss"]
[EventRounds "7"]
[EventCountry "ITA"]
[SourceTitle "EXT 2018"]
[Source "ChessBase"]
[SourceDate "2017.10.13"]
[SourceVersion "1"]
[SourceVersionDate "2017.10.13"]
[SourceQuality "1"]

1. e4 e5 2. Nf3 Nc6 3. d4 d6 4. Bb5 Bd7 5. Nc3 Nf6 6. 0-0 exd4 7. Nxd4 a6 8. Bxc6 Bxc6 9. Re1 Be7 10. b3 d5 11. Nxc6 bxc6 12. e5 Ne4 13. Nxe4 dxe4 14. Qg4 Bb4 15. Rd1 Qe7 16. Qxg7 Rf8 17. Bg5 f6 18. exf6 1-0

[Event "Torino Sada op"]
[Site "Torino"]
[Date "2012.09.24"]
[Round "2"]
[White "Stanca, Claudio"]
[Black "Tondo, Stefano"]
[Result "1-0"]
[WhiteElo "1440"]
[BlackElo "1731"]
[PlyCount "71"]
[EventDate "2012.09.17"]
[EventType "swiss"]
[EventRounds "7"]
[EventCountry "ITA"]
[SourceTitle "EXT 2018"]
[Source "ChessBase"]
[SourceDate "2017.10.13"]
[SourceVersion "1"]
[SourceVersionDate "2017.10.13"]
[SourceQuality "1"]

1. e4 c5 2. Nf3 Nc6 3. d3 g6 4. Be3 Bg7 5. c3 d6 6. d4 Nf6 7. Bd3 d5 8. e5 Ng4 9. Bb5 Nxe3 10. fxe3 Qb6 11. a4 a6 12. Bxc6+ bxc6 13. b3 0-0 14. 0-0 a5 15. Nbd2 Ba6 16. c4 Bh6 17. Qe2 e6 18. h4 Rab8 19. Rac1 Qa7 20. g4 Rbc8 21. g5 Bg7 22. h5 cxd4 23. exd4 c5 24. h6 Bh8 25. Qe3 Rfd8 26. Qf4 cxd4 27. Nxd4 dxc4 28. N2f3 cxb3 29. Rf2 Rxc1+ 30. Qxc1 Rc8 31. Qd2 Qb6 32. Kg2 Bb7 33. Kg3 Rd8 34. Qf4 b2 35. Nd2 Rxd4 36. Qxf7# 1-0